000 00809nam a22002297a 4500
999 _c12225
_d12225
003 AR-CdUCM
008 190402b ||||| |||| 00| 0 spa d
040 _aMUNICIPALIDAD PROVINCIAL DEL CUSCO
_cBIBLIOTECA MUNICIPAL DEL CUSCO
082 _aEP / 372.036 /
_bB38
_21ed.
100 _aBenavides E. J. Augusto
_928065
245 _aEnciclopedia escolar :
_b1er grado /
260 _aLima :
_bEscuela nueva, s.a.,
300 _a374 paginas
_c24 cm.
505 _aContenido :Lenguaje --Matemática -- Naturaleza, comunidad y trabajo ...
650 _aHistoria del Perú
_9259
650 _aEducación primaria
_91561
700 _aLevano Barrera, Miguel T.
_928066
700 _aMarin del Aguila, Angel
_928067
700 _aDíaz Córdova, Alfredo
_926602
942 _2ddc
_cLIBROS
945 _arum
_d2019-04-08